000 00566nam a2200193Ia 4500
003 GCL
008 140319s9999 xx 000 0 eng d
040 _aGCL /
_cGCL
082 0 4 _a658.409
_bS W
100 1 _aSAYLES, LEANARD R
245 1 0 _aTHE WORKING LEADER: THE TRIUMPH OF HIGH PERFORMANCE OVER CONVERTIONAL MANAGEMNT PRINCIPLES /
_cSAYLES, LEANARD R
700 1 _aMINTZBERG, HENRY
260 _a[S.N] :
_bTHE FREE PRESS ،
_c1993
300 _a277 P
650 0 4 _aMANAGEMENT
650 0 4 _aLEADER SHIP
650 0 4 _aMANAGAMENT- RESEARCH
942 _2ddc
_cBK
999 _c16712
_d16712